Evaluación de condiciones de tempertaura, tiempo y procentaje de polímero agregado en la modificación de asfaltos con plástico reciclado proveniente de envases de agroquímicos con base en grado de desempeño, reología y propiedades fisicoquímicas
Salvato in:
| Autore principale: | |
|---|---|
| Natura: | Libro |
| Lingua: | Spanish |
| Soggetti: | |
| Tags: |
Aggiungi Tag
Nessun Tag, puoi essere il primo ad aggiungerne!!
|
MARC
| LEADER | 00000nam a22000007a 4500 | ||
|---|---|---|---|
| 003 | 012840 | ||
| 005 | 20221231144258.0 | ||
| 008 | 180213b2018 cr a|||| |m|| 00| ||spa d | ||
| 040 | |c cru CEDI | ||
| 090 | |a TFG 7991 | ||
| 100 | |9 11024 |a Acuña Fernández, Ximena | ||
| 245 | |a Evaluación de condiciones de tempertaura, tiempo y procentaje de polímero agregado en la modificación de asfaltos con plástico reciclado proveniente de envases de agroquímicos con base en grado de desempeño, reología y propiedades fisicoquímicas | ||
| 300 | |a xxii,141 hojas ;ilustraciones a color | ||
| 500 | |a Proyecto de graduación (licenciatura en ingeniería química)--Universidad de Costa Rica. Facultad de Ingeniería. Escuela de Ingeniería Química | ||
| 650 | |x RESIDUOS DE PLASTICO |x PLASTICOS |x RECICLADO |x ASFALTO |x POLIETILENO |x REOLOGIA |9 11025 | ||
| 942 | |c TFG | ||
| 999 | |c 19508 |d 19508 | ||
